Manažment údajov v podnikoch na Slovensku

Výsledky výskumu v oblasti spravovnia vlastných údajov a informácií v podnikoch v SR. Výskum bol uskutočnený na základe teoretických poznatkov, ako aj prieskumov realizovaných v zahraničí.

Guardado en:
Detalles Bibliográficos
Autor principal: Hamranová, Anna, 1957-
Formato: Capítulo de libro
Lenguaje:eslovaco
Materias:
Etiquetas: Agregar Etiqueta
Sin Etiquetas, Sea el primero en etiquetar este registro!

MARC

LEADER 00000nla a2200000 4500
001 0241005
005 20240502073925.3
041 0 |a slo 
044 |a SK 
245 1 0 |a Manažment údajov v podnikoch na Slovensku  |c Anna Hamranová 
520 |a Výsledky výskumu v oblasti spravovnia vlastných údajov a informácií v podnikoch v SR. Výskum bol uskutočnený na základe teoretických poznatkov, ako aj prieskumov realizovaných v zahraničí. 
610 2 0 |a podnik 
610 2 0 |a Slovensko 
610 2 0 |a manažment 
610 2 0 |a dáta 
610 2 0 |a systémy informačné 
100 1 |a Hamranová, Anna, 1957-